| 000 | 01136nam a22002177a 4500 | ||
|---|---|---|---|
| 005 | 20180912125117.0 | ||
| 010 | _a17-18HN-4.8.17 HIN-110095 B-703510-541 | ||
| 020 |
_a9788188555789 _c300.00 |
||
| 020 | _c350.00 | ||
| 035 | _aB-703510-541 | ||
| 037 | _bअर्चना पब्लिकेशंस | ||
| 082 | _a613.2 | ||
| 100 | _aदिनकर उदय | ||
| 245 |
_aस्वास्थ्य एवं अाहार: _cदिनकर उदय _bअनाज / |
||
| 246 | _aSawasthy evam Aahar: Anaaj / | ||
| 260 |
_aमेरठ _bअर्चना पब्लिकेशंस _c2018 |
||
| 270 |
_a57-ए, न्यू अार्य नगर (उ.प्र.) _bमेरठ _e250004 |
||
| 300 |
_a192पृ. _c22सेमी (अजिल्द) |
||
| 942 |
_2ddc _cHN _h613.2 _mदिनक |
||
| 999 |
_c145635 _d145635 |
||